| 000 | 01040cam a22002774a 4500 | ||
|---|---|---|---|
| 001 | 15394131 | ||
| 003 | OSt | ||
| 005 | 20150729091440.0 | ||
| 008 | 080802s2008 nyu b 001 0 eng | ||
| 010 | _a 2008276214 | ||
| 020 | _a9781591841937 (hbk.) | ||
| 040 | _aSEKU | ||
| 050 | 0 | 0 |
_aHD 69 .S8 _bT3 2008 |
| 100 | 1 |
_aTapscott, Don, _d1947- |
|
| 245 | 1 | 0 |
_aWikinomics : _bhow mass collaboration changes everything _cDon Tapscott and Anthony D. Williams. |
| 250 | _aExpanded ed. | ||
| 260 |
_aNew York : _bPortfolio, _c2008. |
||
| 300 |
_axii, 351 p. ; _c24 cm. |
||
| 504 | _aIncludes bibliographical references and index. | ||
| 505 | 0 | _aWikinomics -- The perfect storm -- The peer pioneers -- Ideagoras -- The prosumers -- The new Alexandrians -- Platforms for participation -- The global plant floor -- The Wiki workplace -- Collaborative minds -- Enterprise 2.0. | |
| 650 | 0 | _aBusiness networks. | |
| 650 | 0 | _aCreative ability in business. | |
| 650 | 0 | _aWeb 2.0. | |
| 700 | 1 |
_aWilliams, Anthony D., _d1974- |
|
| 942 |
_2lcc _cGEN |
||
| 999 |
_c7513 _d7513 |
||